000 00602nam a2200205Ia 4500
005 20250508152445.0
008 008 250505s9999 xx 000 0 eng d
037 _aTextual
040 _aFEDL
_beng
_cFEDL
041 _aeng
_2eng
084 _a370.1, NAV
_qFEDL
100 _aNavaratnam Ratna
_948851
245 0 _aNew frontiers in East-West philosophies of education
260 _aBombay, India
_bOrient Longman Pvt. Ltd.
_c1958
300 _axviii,155p
365 _aINR
_b9
650 _aEducation-Philosophy
_921056
942 _cTEXL
_h370.1, NAV
999 _c1336538
_d1336538